00678nam a2200229Ia 450000100060000000300090000600800410001504000130005604000130006904100130008210000220009510000290011724500290014624500690017525000110024426000090025526000110026426000490027530000580032465000350038265000310041712440IT-RoPAU130308s9999 xx 000 0 und d aIT-RoPAU cIT-RoPAU aITALIANO aCarcano Giancarlo gCodice Aut. SPICS: 8443 aBoom pubblicitario (Il) bPrivato 1980-Le politiche delle comunicazioni di Massa in Italia a1a ed. aROMA bLavoro c1981 [1° Ed.:1981 - Ed.Ling.Originale:1981] a"10 p. (prefazione: no ; testo: 10 [pagine: 93-102])" aSAGGI DI COMUNICAZIONE SOCIALE eCodice materia Spics: 3807